[Event "EU-chT (Women) 23rd"]
[Site "Terme Catez"]
[Date "2021.11.16"]
[Round "5.2"]
[White "Bejatovic, Bojana"]
[Black "Petrova, Kristyna"]
[Result "0-1"]
[WhiteElo "2031"]
[BlackElo "2275"]
[PlyCount "74"]
[EventDate "2021.11.12"]
[EventType "team-swiss"]
[EventRounds "9"]
[EventCountry "SLO"]
[SourceTitle "CBM 205"]
[Source "ChessBase"]
[SourceDate "2021.12.31"]
[SourceVersion "1"]
[SourceVersionDate "2021.12.31"]
[SourceQuality "1"]
[WhiteTeam "North Macedonia (W)"]
[BlackTeam "Czech Republic (W)"]
[WhiteTeamCountry "MKD"]
[BlackTeamCountry "CZE"]

1. d4 Nf6 2. Nc3 d5 3. Bf4 e6 4. e3 a6 5. g4 h6 6. Qf3 Bd6 7. h4 Bxf4 8. exf4 Qd6 9. g5 Ne4 10. Nge2 Nxc3 11. Nxc3 Nc6 12. 0-0-0 Ne7 13. Bd3 Bd7 14. Rdg1 0-0-0 15. gxh6 g6 16. h5 Rxh6 17. hxg6 Rxh1 18. Rxh1 fxg6 19. Ne2 Bb5 20. Bxb5 axb5 21. Qg4 b4 22. Rh7 Nf5 23. Qg5 Qa6 24. Kd2 Qxa2 25. Qxg6 Qa6 26. Qf6 Qd6 27. Qe5 Rf8 28. Kd3 Qa6+ 29. Kd2 Qb6 30. Kd3 Kb8 31. Nc1 Nd6 32. Qg7 Rxf4 33. Qh8+ Ka7 34. Nb3 Qa6+ 35. Ke3 Re4+ 36. Kf3 Qe2+ 37. Kg3 Rg4+ 0-1

[Event "Online Olym Div2 C"]
[Site "Chess.com INT"]
[Date "2020.08.14"]
[Round "1.4"]
[White "Brunello, Marina"]
[Black "Bejatovic, Bojana"]
[Result "1-0"]
[WhiteElo "2368"]
[BlackElo "2031"]
[PlyCount "73"]
[EventDate "2020.08.14"]
[EventType "team-tourn (rapid)"]
[EventRounds "9"]
[EventCountry "USA"]
[SourceTitle "CBM 198"]
[Source "ChessBase"]
[SourceDate "2020.10.31"]
[SourceVersion "1"]
[SourceVersionDate "2020.10.31"]
[SourceQuality "1"]
[WhiteTeam "Italy"]
[BlackTeam "Macedonia"]
[WhiteTeamCountry "ITA"]
[BlackTeamCountry "MKD"]

1. e4 c5 2. Nf3 e6 3. d4 cxd4 4. Nxd4 Nf6 5. Nc3 Nc6 6. Be3 d5 7. exd5 Nxd5 8. Nxd5 Qxd5 9. Nb5 Bb4+ 10. c3 Ba5 11. Nd6+ Kf8 12. Nc4 Bc7 13. Qc2 b5 14. Rd1 Qf5 15. Qxf5 exf5 16. Nd6 a6 17. Nxc8 Rxc8 18. Bd3 g6 19. Bh6+ Ke7 20. 0-0 Rhe8 21. Bc2 Kf6 22. h4 a5 23. Rd7 a4 24. Bd3 Ne5 25. Bxb5 Nxd7 26. Bxd7 Rb8 27. Bxe8 Rxe8 28. Be3 Rb8 29. Bd4+ Ke6 30. Re1+ Kd5 31. Re2 a3 32. b3 Bf4 33. g3 Bd6 34. Kg2 Rb7 35. Rd2 Ke6 36. c4 Rd7 37. Re2+ 1-0

[Event "FRM-chT (Women)"]
[Site "Skopje"]
[Date "2019.11.30"]
[Round "5.1"]
[White "Bejatovic, Bojana"]
[Black "Djukic, Sandra"]
[Result "1-0"]
[WhiteElo "2004"]
[BlackElo "2179"]
[PlyCount "67"]
[EventDate "2019.09.28"]
[EventType "team-tourn"]
[EventRounds "7"]
[EventCountry "MKD"]
[SourceTitle "EXT 2021"]
[Source "ChessBase"]
[SourceDate "2020.10.23"]
[SourceVersion "1"]
[SourceVersionDate "2020.10.23"]
[SourceQuality "1"]
[WhiteTeam "Kisela Voda (W)"]
[BlackTeam "Kumanovo (W)"]
[WhiteTeamCountry "MKD"]
[BlackTeamCountry "MKD"]

1. e4 c6 2. d4 d5 3. e5 Bf5 4. Bd3 Bxd3 5. Qxd3 e6 6. Ne2 Ne7 7. 0-0 Qb6 8. Nbc3 Nf5 9. g4 Nh4 10. f4 Nd7 11. Be3 h5 12. f5 hxg4 13. fxe6 fxe6 14. Nf4 0-0-0 15. Nxe6 Re8 16. Ng5 Be7 17. Nf7 Rh5 18. Ne2 Nf3+ 19. Rxf3 gxf3 20. Ng3 Rf8 21. Nxh5 Qxb2 22. Rf1 Nb6 23. Rxf3 Kb8 24. Bg5 Bxg5 25. Nxg5 Qc1+ 26. Kf2 Rh8 27. Qg6 Qd2+ 28. Kg3 Qxd4 29. Qd6+ Kc8 30. Rf8+ Rxf8 31. Qxf8+ Kd7 32. Qxg7+ Kc8 33. Qf8+ Kd7 34. Nf6+ 1-0

[Event "EU-chT (Women) 22nd"]
[Site "Batumi"]
[Date "2019.10.31"]
[Round "7.2"]
[White "Bejatovic, Bojana"]
[Black "Dannenberg, Alia"]
[Result "1-0"]
[WhiteElo "2004"]
[BlackElo "1902"]
[PlyCount "77"]
[EventDate "2019.10.24"]
[EventType "team-swiss"]
[EventRounds "9"]
[EventCountry "GEO"]
[SourceTitle "CBM 192 Extra"]
[Source "Chessbase"]
[SourceDate "2019.11.06"]
[SourceVersion "1"]
[SourceVersionDate "2019.11.06"]
[SourceQuality "1"]
[WhiteTeam "Macedonia (W)"]
[BlackTeam "Finland (W)"]
[WhiteTeamCountry "MKD"]
[BlackTeamCountry "FIN"]

1. e4 c5 2. Nf3 Nc6 3. Bb5 g6 4. 0-0 Bg7 5. Re1 Nf6 6. e5 Nd5 7. Nc3 Nxc3 8. bxc3 0-0 9. d4 Qa5 10. Bxc6 dxc6 11. Bg5 Re8 12. Re3 Bg4 13. h3 Be6 14. Bf4 Rad8 15. Ng5 Bd5 16. Qd3 Qb5 17. Qd1 Qc4 18. h4 h6 19. Ne4 Bxe4 20. Rxe4 Qxc3 21. Be3 Rd5 22. Rb1 b5 23. Rb3 Qa5 24. Qg4 cxd4 25. Bxd4 c5 26. Bc3 b4 27. e6 Rf8 28. exf7+ Rxf7 29. Bxg7 Kxg7 30. Re6 Qxa2 31. Qxg6+ Kf8 32. Rg3 Qa1+ 33. Kh2 Qh8 34. Rc6 Rd8 35. Qe6 Qf6 36. Rc8 Ke8 37. Rg8+ Rf8 38. Rxf8+ Qxf8 39. Qg6+ 1-0

[Event "FRM-chT (Women)"]
[Site "Skopje"]
[Date "2019.09.29"]
[Round "4.2"]
[White "Stojkovska, Monika"]
[Black "Bejatovic, Bojana"]
[Result "1/2-1/2"]
[WhiteElo "2108"]
[BlackElo "2004"]
[PlyCount "106"]
[EventDate "2019.09.28"]
[EventType "team-tourn"]
[EventRounds "7"]
[EventCountry "MKD"]
[SourceTitle "EXT 2021"]
[Source "ChessBase"]
[SourceDate "2020.10.23"]
[SourceVersion "1"]
[SourceVersionDate "2020.10.23"]
[SourceQuality "1"]
[WhiteTeam "Skopje Alkaloid (W)"]
[BlackTeam "Kisela Voda (W)"]
[WhiteTeamCountry "MKD"]
[BlackTeamCountry "MKD"]

1. e4 c5 2. Nf3 e6 3. Nc3 Nc6 4. d4 cxd4 5. Nxd4 Nf6 6. Ndb5 Bc5 7. Bf4 0-0 8. Bd6 Bxd6 9. Nxd6 Qb6 10. Qd2 Qxb2 11. Rb1 Qa3 12. Rb5 Ne8 13. Nxb7 Rb8 14. Rb3 Qe7 15. Na5 Rxb3 16. Nxc6 Rb1+ 17. Nxb1 dxc6 18. e5 Qc5 19. Qc3 Qb6 20. Nd2 Nc7 21. Bc4 Nb5 22. Qe3 Nd4 23. Bd3 Ba6 24. 0-0 Bxd3 25. cxd3 Nf5 26. Qe4 Qa5 27. Nf3 Qxa2 28. Qxc6 a5 29. Qc3 Qd5 30. Ra1 Ra8 31. d4 h6 32. h3 Qb5 33. Qc5 Qxc5 34. dxc5 Kf8 35. Ra4 Ke8 36. Nd2 Kd7 37. Nb3 Kc6 38. Rxa5 Rxa5 39. Nxa5+ Kxc5 40. f4 Kd5 41. Kf2 f6 42. exf6 gxf6 43. Nb3 e5 44. fxe5 fxe5 45. g4 Ne7 46. h4 Ke4 47. Kg3 Ng6 48. Nc5+ Ke3 49. g5 hxg5 50. hxg5 e4 51. Kg4 Kd4 52. Nxe4 Kxe4 53. Kh5 Kf5 1/2-1/2

[Event "FRM-chT"]
[Site "Ohrid"]
[Date "2019.07.24"]
[Round "3.6"]
[White "Kalin, Andrei"]
[Black "Bejatovic, Bojana"]
[Result "0-1"]
[WhiteElo "1243"]
[BlackElo "2038"]
[PlyCount "56"]
[EventDate "2019.07.22"]
[EventType "team-tourn"]
[EventRounds "7"]
[EventCountry "MKD"]
[SourceTitle "EXT 2020"]
[Source "ChessBase"]
[SourceDate "2019.10.17"]
[SourceVersion "1"]
[SourceVersionDate "2019.10.17"]
[SourceQuality "1"]
[WhiteTeam "Skopje MSK Centar"]
[BlackTeam "Skopje Kisela Voda"]
[WhiteTeamCountry "MKD"]
[BlackTeamCountry "MKD"]

1. e4 c5 2. c3 b6 3. d4 Bb7 4. d5 Nf6 5. Bd3 c4 6. Bc2 e6 7. dxe6 fxe6 8. f3 Bc5 9. Ne2 Nc6 10. Nd4 e5 11. Nf5 0-0 12. Be3 d5 13. Bxc5 bxc5 14. exd5 Nxd5 15. Be4 Nf4 16. Bxc6 Nd3+ 17. Kf1 Bxc6 18. Ne3 e4 19. Nd2 exf3 20. Nxf3 Bxf3 21. gxf3 Qh4 22. Qe2 Qh3+ 23. Qg2 Rxf3+ 24. Kg1 Nf4 25. Qd2 Rxe3 26. Rf1 Qg4+ 27. Kf2 Qf3+ 28. Kg1 Nh3# 0-1

[Event "Reykjavik op"]
[Site "Reykjavik"]
[Date "2019.04.11"]
[Round "5"]
[White "Bejatovic, Bojana"]
[Black "Jonsson, Olafur Gisli"]
[Result "1-0"]
[WhiteElo "2021"]
[BlackElo "1773"]
[PlyCount "65"]
[EventDate "2019.04.08"]
[EventType "swiss"]
[EventRounds "9"]
[EventCountry "ISL"]
[SourceTitle "CBM 189 Extra"]
[Source "ChessBase"]
[SourceDate "2019.06.03"]
[SourceVersion "1"]
[SourceVersionDate "2019.06.03"]
[SourceQuality "1"]

1. e4 e5 2. Bc4 Nc6 3. Nc3 Nf6 4. d3 Bb4 5. a3 Bxc3+ 6. bxc3 0-0 7. Qf3 d6 8. h3 Be6 9. Bxe6 fxe6 10. Qg3 d5 11. Bh6 Qe7 12. exd5 exd5 13. Ne2 Kh8 14. Bg5 Rae8 15. 0-0 Qf7 16. Rab1 b6 17. Qh4 Ne7 18. Qa4 a5 19. f4 e4 20. Bxf6 Qxf6 21. dxe4 dxe4 22. Qxe4 Nf5 23. Qd3 Re3 24. Qc4 Rfe8 25. Nd4 Nxd4 26. cxd4 Qg6 27. Qxc7 Rxh3 28. Rxb6 Qg3 29. Rb3 Qh2+ 30. Kf2 Rh4 31. Rf3 Rg4 32. Rg1 Rg6 33. Rh3 1-0

[Event "EU-ch 20th"]
[Site "Skopje"]
[Date "2019.03.19"]
[Round "2"]
[White "Bejatovic, Bojana"]
[Black "Mihajlov, Sebastian"]
[Result "0-1"]
[WhiteElo "2058"]
[BlackElo "2356"]
[PlyCount "92"]
[EventDate "2019.03.18"]
[EventType "swiss"]
[EventRounds "11"]
[EventCountry "MKD"]
[SourceTitle "CBM 189"]
[Source "ChessBase"]
[SourceDate "2019.04.29"]
[SourceVersion "1"]
[SourceVersionDate "2019.04.29"]
[SourceQuality "1"]

1. e4 e5 2. Bc4 Nf6 3. d3 Nc6 4. Nc3 Bc5 5. f4 d6 6. Nf3 a6 7. a4 Ng4 8. Qe2 Nd4 9. Nxd4 Bxd4 10. Nd1 c6 11. c3 Ba7 12. Ne3 h5 13. f5 Nf6 14. Nc2 d5 15. exd5 cxd5 16. Bb3 0-0 17. Bg5 Qb6 18. Bxf6 Qxf6 19. Bxd5 Bxf5 20. Rf1 Qg5 21. Qd2 Qg6 22. 0-0-0 Rad8 23. Bc4 Bd7 24. a5 Bc6 25. Ne3 Kh8 26. g3 f5 27. Ng2 f4 28. Nh4 Qg4 29. Qe1 Be3+ 30. Kb1 Rf6 31. gxf4 exf4 32. d4 g5 33. d5 Bb5 34. Bxb5 axb5 35. Nf3 Qf5+ 36. Ka1 b6 37. c4 Ra8 38. b4 bxa5 39. bxa5 Rfa6 40. Qc3+ Kh7 41. Kb2 bxc4 42. Qb4 Qf6+ 43. Kc2 Rxa5 44. Rb1 Qf5+ 45. Kd1 Rxd5+ 46. Ke1 Re8 0-1

[Event "Olympiad Women-43"]
[Site "Batumi"]
[Date "2018.10.05"]
[Round "11.1"]
[White "Bejatovic, Bojana"]
[Black "Sihite, Chelsie Monica"]
[Result "1-0"]
[WhiteElo "2057"]
[BlackElo "2244"]
[PlyCount "137"]
[EventDate "2018.09.24"]
[EventType "team-swiss"]
[EventRounds "11"]
[EventCountry "GEO"]
[SourceTitle "EXT 2020"]
[Source "ChessBase"]
[SourceDate "2019.10.17"]
[SourceVersion "1"]
[SourceVersionDate "2019.10.17"]
[SourceQuality "1"]
[WhiteTeam "Macedonia (W)"]
[BlackTeam "Indonesia (W)"]
[WhiteTeamCountry "MKD"]
[BlackTeamCountry "INA"]

1. e4 d6 2. d4 Nf6 3. Nc3 e5 4. Nf3 Nbd7 5. g4 Nxg4 6. Rg1 exd4 7. Nxd4 Nde5 8. h3 Nf6 9. f4 Ng6 10. Be3 a6 11. Qd2 d5 12. e5 Ne4 13. Nxe4 dxe4 14. 0-0-0 c5 15. Nb3 Qc7 16. Nxc5 Bxc5 17. Bxc5 Bf5 18. Bd6 Qc6 19. Rg3 Rc8 20. Rc3 Qd7 21. Rxc8+ Qxc8 22. Qe3 f6 23. Bg2 Qc6 24. Rd4 fxe5 25. fxe5 Kf7 26. Bxe4 Bxe4 27. Rxe4 Re8 28. e6+ Kg8 29. Qf2 h6 30. Qf7+ Kh7 31. Rd4 Rc8 32. Qf5 Qh1+ 33. Rd1 Qg2 34. h4 h5 35. Qxh5+ Kg8 36. c3 Qe4 37. Qg5 Qxe6 38. h5 Nh8 39. Rg1 g6 40. Be5 Nf7 41. Qxg6+ Qxg6 42. Rxg6+ Kf8 43. Bg7+ Ke7 44. h6 Rc5 45. Rb6 Rh5 46. Rxb7+ Ke8 47. Rb6 a5 48. b4 axb4 49. cxb4 Kd7 50. Rb7+ Ke6 51. a4 Nd6 52. Rb6 Kd5 53. a5 Rh1+ 54. Kc2 Rh2+ 55. Kb3 Ne4 56. Rb8 Rh3+ 57. Ka4 Nd6 58. a6 Nc4 59. Rd8+ Ke6 60. Kb5 Na3+ 61. Kc6 Nc2 62. b5 Nb4+ 63. Kb7 Rh5 64. b6 Rf5 65. Rf8 Rd5 66. Rc8 Nd3 67. a7 Rd7+ 68. Rc7 Nc5+ 69. Kc6 1-0

[Event "Olympiad Women-43"]
[Site "Batumi"]
[Date "2018.09.27"]
[Round "4.41"]
[White "Terao, Juliana Sayumi"]
[Black "Bejatovic, Bojana"]
[Result "1-0"]
[WhiteElo "2255"]
[BlackElo "2057"]
[PlyCount "89"]
[EventDate "2018.09.24"]
[EventType "team-swiss"]
[EventRounds "11"]
[EventCountry "GEO"]
[SourceTitle "EXT 2020"]
[Source "ChessBase"]
[SourceDate "2019.10.17"]
[SourceVersion "1"]
[SourceVersionDate "2019.10.17"]
[SourceQuality "1"]
[WhiteTeam "Brazil (W)"]
[BlackTeam "Macedonia (W)"]
[WhiteTeamCountry "BRA"]
[BlackTeamCountry "MKD"]

1. e4 e5 2. Nf3 Nf6 3. Nc3 Bb4 4. Nxe5 0-0 5. Be2 d6 6. Nd3 Bxc3 7. dxc3 Nxe4 8. 0-0 Re8 9. Be3 Bf5 10. Re1 Nc6 11. c4 a5 12. a4 Qf6 13. c3 Rad8 14. Nf4 Rd7 15. Nd5 Qd8 16. f3 Nc5 17. f4 Ne7 18. Nxe7+ Rdxe7 19. Bxc5 dxc5 20. Qxd8 Rxd8 21. Bf3 Rxe1+ 22. Rxe1 g6 23. Bxb7 Kf8 24. Re5 Rd1+ 25. Kf2 Rd2+ 26. Ke3 Rxb2 27. Bc6 Rc2 28. Rxc5 Rxc3+ 29. Kd2 Rd3+ 30. Ke2 Rd6 31. Bd5 Ra6 32. Rxc7 f6 33. Ke3 Bc2 34. Bc6 h5 35. c5 Bb3 36. Kd4 h4 37. Bb5 Ra8 38. Rh7 Bg8 39. Rxh4 Rd8+ 40. Kc3 Ke7 41. Rh3 Rd1 42. Re3+ Be6 43. Bc4 Rc1+ 44. Kd3 Rxc4 45. Rxe6+ 1-0

[Event "Olympiad Women-43"]
[Site "Batumi"]
[Date "2018.09.24"]
[Round "1.59"]
[White "Bejatovic, Bojana"]
[Black "Nosimilo, Mkhonto"]
[Result "1-0"]
[WhiteElo "2057"]
[BlackElo "1372"]
[PlyCount "49"]
[EventDate "2018.09.24"]
[EventType "team-swiss"]
[EventRounds "11"]
[EventCountry "GEO"]
[SourceTitle "EXT 2020"]
[Source "ChessBase"]
[SourceDate "2019.10.17"]
[SourceVersion "1"]
[SourceVersionDate "2019.10.17"]
[SourceQuality "1"]
[WhiteTeam "Macedonia (W)"]
[BlackTeam "Swaziland (W)"]
[WhiteTeamCountry "MKD"]
[BlackTeamCountry "SWA"]

1. d4 e6 2. Nf3 Nf6 3. Bg5 Be7 4. Nbd2 d5 5. Bxf6 Bxf6 6. e4 dxe4 7. Nxe4 Be7 8. Bd3 Nd7 9. Qe2 h6 10. 0-0-0 c6 11. Rhe1 b5 12. Ne5 Nxe5 13. dxe5 Qc7 14. f4 a5 15. Qg4 0-0 16. Re3 f5 17. exf6 Bxf6 18. Nxf6+ Rxf6 19. f5 Qf7 20. Qf3 exf5 21. Bxb5 Bb7 22. Ba4 Qxa2 23. Bb3+ Qxb3 24. Rxb3 Re8 25. Rxb7 1-0

[Event "EU-chT (Women) 21st"]
[Site "Heraklion"]
[Date "2017.11.05"]
[Round "8.3"]
[White "Puuska, Heini"]
[Black "Bejatovic, Bojana"]
[Result "1/2-1/2"]
[WhiteElo "1947"]
[BlackElo "2035"]
[PlyCount "78"]
[EventDate "2017.10.28"]
[EventType "team-swiss"]
[EventRounds "9"]
[EventCountry "GRE"]
[SourceTitle "CBM 181 Extra"]
[Source "ChessBase"]
[SourceDate "2017.12.12"]
[SourceVersion "1"]
[SourceVersionDate "2017.12.12"]
[SourceQuality "1"]
[WhiteTeam "Finland (W)"]
[BlackTeam "Macedonia (W)"]
[WhiteTeamCountry "FIN"]
[BlackTeamCountry "MKD"]

1. d4 d5 2. c4 c6 3. cxd5 cxd5 4. Nc3 Nf6 5. Nf3 Nc6 6. g3 a6 7. Bg2 Bg4 8. Ne5 Bf5 9. 0-0 e6 10. Nxc6 bxc6 11. Na4 Bd6 12. Bg5 0-0 13. Rc1 Rc8 14. Nc5 Bxc5 15. Rxc5 Qb6 16. Bxf6 gxf6 17. Qd2 e5 18. Rfc1 Rfe8 19. dxe5 fxe5 20. Qg5+ Bg6 21. b3 e4 22. h4 Qd8 23. Qxd8 Rcxd8 24. e3 d4 25. exd4 Rxd4 26. Rxc6 Rd2 27. Rc8 Rxc8 28. Rxc8+ Kg7 29. Rc5 Rxa2 30. h5 e3 31. fxe3 Bc2 32. Bd5 Bd1 33. Bc4 Rb2 34. Rf5 f6 35. Bxa6 Rxb3 36. Kf2 Rb2+ 37. Ke1 Bg4 38. Rf4 Bxh5 39. g4 Bg6 1/2-1/2

[Event "Skopje Karposh op"]
[Site "Skopje"]
[Date "2017.04.01"]
[Round "1"]
[White "Bejatovic, Bojana"]
[Black "Georgiev, Kiril"]
[Result "0-1"]
[WhiteElo "2039"]
[BlackElo "2633"]
[PlyCount "92"]
[EventDate "2017.04.01"]
[EventType "swiss"]
[EventRounds "9"]
[EventCountry "MKD"]
[SourceTitle "CBM 177 Extra"]
[Source "ChessBase"]
[SourceDate "2017.04.27"]
[SourceVersion "1"]
[SourceVersionDate "2017.04.27"]
[SourceQuality "1"]

1. d4 Nf6 2. Nf3 e6 3. Bg5 h6 4. Bxf6 Qxf6 5. Nbd2 d6 6. e4 Nd7 7. Bd3 g5 8. h3 h5 9. Nc4 g4 10. e5 Qg7 11. hxg4 hxg4 12. Rxh8 Qxh8 13. Nfd2 dxe5 14. Qxg4 exd4 15. 0-0-0 Nc5 16. Nf3 Bd7 17. Qxd4 Bh6+ 18. Kb1 Qxd4 19. Nxd4 Bg7 20. Nf3 Nxd3 21. Rxd3 Bb5 22. Nfd2 Ke7 23. c3 Rh8 24. Kc2 f5 25. Kb3 Rh4 26. a4 Bc6 27. g3 Rh2 28. f3 b6 29. Ka3 Rh1 30. Kb4 Ra1 31. Na3 Be5 32. Nb3 a5+ 33. Kc4 Bd5+ 34. Rxd5 exd5+ 35. Kxd5 Re1 36. f4 Bf6 37. Nb5 Kd7 38. N5d4 Rb1 39. Nxf5 Rxb2 40. Nbd4 b5 41. Ne3 bxa4 42. Nc4 Rg2 43. Ne5+ Bxe5 44. fxe5 a3 45. e6+ Ke8 46. Nb5 a2 0-1

[Event "Olympiad Women-42"]
[Site "Baku"]
[Date "2016.09.06"]
[Round "5.2"]
[White "Bejatovic, Bojana"]
[Black "Adhin, Anviti"]
[Result "1/2-1/2"]
[WhiteElo "2063"]
[BlackElo "1616"]
[PlyCount "123"]
[EventDate "2016.09.02"]
[EventType "team-swiss"]
[EventRounds "11"]
[EventCountry "AZE"]
[SourceTitle "CBM 174 Extra"]
[Source "ChessBase"]
[SourceDate "2016.10.10"]
[SourceVersion "1"]
[SourceVersionDate "2016.10.10"]
[SourceQuality "1"]
[WhiteTeam "Macedonia (W)"]
[BlackTeam "Surinam (W)"]
[WhiteTeamCountry "MKD"]
[BlackTeamCountry "SUR"]

1. d4 Nf6 2. Nf3 e6 3. Bg5 c5 4. e3 h6 5. Bh4 Be7 6. Nbd2 0-0 7. Bd3 b6 8. 0-0 Bb7 9. c3 d6 10. h3 Nbd7 11. Re1 Nh5 12. Bxe7 Qxe7 13. a4 a6 14. Nc4 d5 15. Nce5 Nhf6 16. Nxd7 Nxd7 17. e4 dxe4 18. Bxe4 Bxe4 19. Rxe4 Nf6 20. Re5 cxd4 21. Qxd4 Qc7 22. Rae1 Rfd8 23. Qe3 Rd5 24. Rxd5 Nxd5 25. Qe4 Rd8 26. Rd1 Nf6 27. Rxd8+ Qxd8 28. Qc6 a5 29. b4 Nd5 30. b5 Nf6 31. Nd4 Nd5 32. Nf3 Nf6 33. Kh2 Qb8+ 34. g3 Qd8 35. Nd4 Nd5 36. Nb3 Qf6 37. Kg2 Qxc3 38. Qxc3 Nxc3 39. Nxa5 Nxa4 40. Nc4 Kf8 41. Kf3 Nc3 42. Nxb6 Nxb5 43. Ke4 f6 44. Nc4 Ke7 45. Kf4 Nc3 46. h4 g6 47. Kf3 e5 48. Ne3 f5 49. h5 Kf6 50. hxg6 Kxg6 51. Nc4 Kf6 52. Nd6 Nd5 53. Nc4 e4+ 54. Kg2 Kg5 55. Nd6 Nc3 56. Nf7+ Kg6 57. Nd6 h5 58. Nc4 Kg5 59. Ne5 Nd5 60. Nf7+ Kf6 61. Nd6 Ke5 62. Nc4+ 1/2-1/2

[Event "Olympiad Women-42"]
[Site "Baku"]
[Date "2016.09.05"]
[Round "4.30"]
[White "Saric, Kristina"]
[Black "Bejatovic, Bojana"]
[Result "1-0"]
[WhiteElo "2201"]
[BlackElo "2063"]
[PlyCount "119"]
[EventDate "2016.09.02"]
[EventType "team-swiss"]
[EventRounds "11"]
[EventCountry "AZE"]
[SourceTitle "CBM 174 Extra"]
[Source "ChessBase"]
[SourceDate "2016.10.10"]
[SourceVersion "1"]
[SourceVersionDate "2016.10.10"]
[SourceQuality "1"]
[WhiteTeam "Croatia (W)"]
[BlackTeam "Macedonia (W)"]
[WhiteTeamCountry "CRO"]
[BlackTeamCountry "MKD"]

1. e4 Nf6 2. e5 Nd5 3. d4 d6 4. Nf3 dxe5 5. Nxe5 c6 6. c4 Nb4 7. Be3 Bf5 8. Bd3 Nxd3+ 9. Nxd3 Nd7 10. 0-0 e6 11. Nc3 Bd6 12. f4 Nf6 13. Nf2 h5 14. Qf3 Ng4 15. Nfe4 Bc7 16. h3 Nxe3 17. Qxe3 Qe7 18. Rad1 0-0 19. Ng5 Rad8 20. Nce4 f6 21. Nf3 Rfe8 22. Rfe1 Qb4 23. b3 Qa5 24. Kh1 e5 25. fxe5 fxe5 26. Neg5 g6 27. c5 e4 28. Nd2 Bb8 29. Ndxe4 Kg7 30. Qf2 Qc7 31. Nd6 Rxe1+ 32. Rxe1 Rxd6 33. cxd6 Qxd6 34. Nf3 Bc7 35. Qe3 Bd8 36. Qe5+ Qf6 37. Qxf6+ Bxf6 38. Kg1 Kf8 39. Ne5 Be7 40. g4 hxg4 41. hxg4 Bc2 42. Kg2 g5 43. Kf3 Bb4 44. Rc1 Bh7 45. Nd7+ Ke7 46. Nc5 Kd6 47. Nxb7+ Kd5 48. Nc5 Bd2 49. Rd1 Bc3 50. Rh1 Bc2 51. Rc1 Bxd4 52. Rxc2 Bxc5 53. Rh2 Bd6 54. Rh7 a5 55. Rf7 Kd4 56. Rf6 Kc5 57. Ke4 Be7 58. Rf7 Bd8 59. a3 Kb5 60. Kd3 1-0

[Event "Olympiad Women-42"]
[Site "Baku"]
[Date "2016.09.02"]
[Round "1.6"]
[White "Bejatovic, Bojana"]
[Black "Sachdev, Tania"]
[Result "0-1"]
[WhiteElo "2063"]
[BlackElo "2402"]
[PlyCount "74"]
[EventDate "2016.09.02"]
[EventType "team-swiss"]
[EventRounds "11"]
[EventCountry "AZE"]
[SourceTitle "CBM 174 Extra"]
[Source "ChessBase"]
[SourceDate "2016.10.10"]
[SourceVersion "1"]
[SourceVersionDate "2016.10.10"]
[SourceQuality "1"]
[WhiteTeam "Macedonia (W)"]
[BlackTeam "India (W)"]
[WhiteTeamCountry "MKD"]
[BlackTeamCountry "IND"]

1. d4 Nf6 2. Nf3 e6 3. Bg5 h6 4. Bxf6 Qxf6 5. e4 d6 6. Nbd2 Nd7 7. Bd3 e5 8. c3 g6 9. d5 Bg7 10. b4 Qe7 11. 0-0 0-0 12. Qc2 Nf6 13. Nc4 c6 14. dxc6 bxc6 15. Rfd1 Nh5 16. Bf1 Rd8 17. Ne3 Bb7 18. c4 Nf4 19. Qb3 d5 20. cxd5 cxd5 21. Nxd5 Nxd5 22. exd5 e4 23. d6 Rxd6 24. Rxd6 Bxa1 25. Rd1 exf3 26. Rxa1 fxg2 27. Bxg2 Bxg2 28. Kxg2 Rb8 29. a3 a5 30. Rb1 Qe4+ 31. f3 Qe2+ 32. Kh1 axb4 33. axb4 Rd8 34. Qc3 Rd3 35. Qc8+ Kg7 36. Qh3 Rxf3 37. Qg2 Rf2 0-1

[Event "SRB Central-ch op-A 9th"]
[Site "Paracin"]
[Date "2016.07.09"]
[Round "3"]
[White "Bejatovic, Bojana"]
[Black "Brankovic, Dejan"]
[Result "0-1"]
[WhiteElo "2019"]
[BlackElo "2353"]
[PlyCount "95"]
[EventDate "2016.07.07"]
[EventType "swiss"]
[EventRounds "9"]
[EventCountry "SRB"]
[SourceTitle "CBM 173 Extra"]
[Source "ChessBase"]
[SourceDate "2016.08.29"]
[SourceVersion "1"]
[SourceVersionDate "2016.08.29"]
[SourceQuality "1"]

1. f4 g6 2. Nf3 Bg7 3. e4 d6 4. g3 e5 5. d3 exf4 6. gxf4 d5 7. e5 c5 8. Be3 d4 9. Bf2 Ne7 10. Nbd2 0-0 11. Ne4 Bg4 12. Bg2 Nd5 13. Qd2 f6 14. Nxc5 Bh6 15. Nxd4 Bxf4 16. Bxd5+ Qxd5 17. Qxf4 Qxh1+ 18. Kd2 Qxa1 19. Qxg4 Qxa2 20. Nf5 Nc6 21. Nh6+ Kh8 22. exf6 Rxf6 23. Bd4 Nxd4 24. Qxd4 Qa5+ 25. b4 Qb6 26. Qb2 Raf8 27. Ng4 Qd6 28. Nxf6 Qxf6 29. Qxf6+ Rxf6 30. d4 b5 31. Kd3 Kg7 32. d5 Kf7 33. Ne4 Rf3+ 34. Kd4 Ke7 35. Kc5 a6 36. Kc6 Rf4 37. Nc5 Rf6+ 38. Kb7 Rd6 39. Nxa6 Rxd5 40. Nc5 Rd4 41. c3 Rc4 42. Kc6 Rxc3 43. Kxb5 Rh3 44. Kc6 Rxh2 45. b5 Rc2 46. b6 Rxc5+ 47. Kxc5 Kd7 48. Kc4 0-1

[Event "SRB Central-ch op-A 9th"]
[Site "Paracin"]
[Date "2016.07.08"]
[Round "2"]
[White "Vujacic, Borivoje"]
[Black "Bejatovic, Bojana"]
[Result "0-1"]
[WhiteElo "2265"]
[BlackElo "2019"]
[PlyCount "133"]
[EventDate "2016.07.07"]
[EventType "swiss"]
[EventRounds "9"]
[EventCountry "SRB"]
[SourceTitle "CBM 173 Extra"]
[Source "ChessBase"]
[SourceDate "2016.08.29"]
[SourceVersion "1"]
[SourceVersionDate "2016.08.29"]
[SourceQuality "1"]

1. e4 Nf6 2. e5 Nd5 3. d4 d6 4. Nf3 Bg4 5. Be2 e6 6. h3 Bh5 7. 0-0 Be7 8. c4 Nb6 9. exd6 cxd6 10. b3 0-0 11. Nc3 a5 12. Be3 Nc6 13. Rc1 d5 14. c5 Nd7 15. Qd2 Nf6 16. Rfd1 Bg6 17. Bf4 Qd7 18. Na4 Bd8 19. Bb5 Ne4 20. Qe2 Qe7 21. Ne5 Rc8 22. f3 Qh4 23. Qe3 Bg5 24. Bxg5 Nxg5 25. Kh2 Ne7 26. Qe1 Qf4+ 27. Qg3 Qxg3+ 28. Kxg3 f6 29. Nxg6 hxg6 30. Nb6 Rc7 31. Kf2 Kf7 32. h4 Nh7 33. g4 Rd8 34. Re1 g5 35. h5 f5 36. Re5 Nf6 37. Rce1 fxg4 38. Rxe6 gxf3 39. Kxf3 g4+ 40. Kf4 g3 41. R6e5 Rh8 42. Kxg3 Rxh5 43. Rxh5 Nxh5+ 44. Kg4 Nf6+ 45. Kf4 Ng6+ 46. Kg5 Nf8 47. Kf5 g6+ 48. Kf4 Ne6+ 49. Ke3 g5 50. Rf1 Kg7 51. Rf5 Re7 52. Nc8 Rc7 53. Nb6 Re7 54. Nc8 Rc7 55. Nd6 Re7 56. Kd3 Nf4+ 57. Kd2 Kg6 58. Re5 Rxe5 59. dxe5 Ne4+ 60. Nxe4 dxe4 61. Bd7 Nd3 62. Ke3 Nxc5 63. Bc8 Kf7 64. Kd4 b6 65. Kd5 Nd3 66. Kxe4 Nf2+ 67. Kf5 0-1